[Event "Some Davids looking for Goliaths!!"]
[Site "SchemingMind.com"]
[Date "2012.02.08"]
[Round "-"]
[White "ampp"]
[Black "John Galvin"]
[Result "0-1"]
[WhiteCountry "POR"]
[BlackCountry "USA"]
[WhiteElo "1224"]
[WhiteRD "73"]
[BlackElo "2310"]
[BlackRD "56"]
[GameID "302991"]

1. e4 c5 2. c3 Nf6 3. e5 Nd5 4. Nf3 Nc6 5. d4 cxd4 6. cxd4 d6 7. Bc4 Nb6 8. Bd3 Bg4 9. h3 Bxf3 10. Qxf3 Nxd4
11. Qd1 dxe5 12. O-O g6 13. Be3 Bg7 14. Bxd4 exd4 15. Bb5+ Nd7 16. Na3 O-O 17. Rb1 e5 18. Nc4 e4 19. Nd6 Nf6 20. Qxd4 Ne8
21. Qc5 Qxd6 22. Qe3 Qe7 23. b3 Nd6 24. Be2 Nf5 25. Qd2 e3 26. fxe3 Rad8 27. Qe1 Qxe3+ 28. Kh1 Ng3+ 29. Kh2 Nxe2 30. Rf3 Be5+
31. Kh1 Qd2 32. Rf2 Ng3+ 33. Kg1 Qd3 34. Rc1 Rfe8
0-1

[Event "Some Davids looking for Goliaths!!"]
[Site "SchemingMind.com"]
[Date "2012.02.07"]
[Round "-"]
[White "John Galvin"]
[Black "ampp"]
[Result "1-0"]
[WhiteCountry "USA"]
[BlackCountry "POR"]
[WhiteElo "2310"]
[WhiteRD "56"]
[BlackElo "1224"]
[BlackRD "73"]
[GameID "302998"]

1. e4 d6 2. d4 Nf6 3. Nc3 g6 4. Be3 Bg7 5. Qd2 O-O 6. O-O-O Bg4 7. f3 Bd7 8. g4 Nc6 9. h4 e5 10. dxe5 dxe5
11. g5 Nh5 12. Qxd7 Qc8 13. Nge2 Nb8 14. Qxc8 Rxc8 15. Nd5 Nc6 16. Bh3 a6 17. Bxc8 Rxc8 18. c3 b5 19. Kc2 f6 20. a3 a5
21. a4 bxa4 22. Ra1 Bf8 23. Rxa4 Ng7 24. Rc4 Ne8 25. Rxc6 Nd6 26. gxf6
1-0

[Event "Some Davids looking for Goliaths!!"]
[Site "SchemingMind.com"]
[Date "2012.02.14"]
[Round "-"]
[White "Olli Ylönen"]
[Black "Majoanis"]
[Result "1-0"]
[WhiteCountry "FIN"]
[BlackCountry "CAN"]
[WhiteElo "1819"]
[WhiteRD "52"]
[BlackElo "1777"]
[BlackRD "54"]
[GameID "303087"]

1. e4 c6 2. d3 d5 3. Nd2 g6 4. Ngf3 Bg7 5. g3 e5 6. Bg2 Ne7 7. O-O O-O 8. Re1 Qc7 9. a4 a5 10. c3 Nd7
11. d4 exd4 12. Nxd4 dxe4 13. Nxe4 Nd5 14. c4 Nb4 15. Rb1 Bxd4 16. Qxd4 Nc2 17. Nf6+ Nxf6 18. Qxf6
1-0

[Event "Some Davids looking for Goliaths!!"]
[Site "SchemingMind.com"]
[Date "2012.02.09"]
[Round "-"]
[White "ray winteringham"]
[Black "Clive Everill"]
[Result "0-1"]
[WhiteCountry "ENG"]
[BlackCountry "CZE"]
[WhiteElo "1308"]
[WhiteRD "114"]
[BlackElo "1753"]
[BlackRD "55"]
[GameID "303090"]

1. e4 a6 2. d4 b5 3. Nf3 Bb7 4. Bd3 Nf6 5. Qe2 e6 6. Bg5 Be7 7. Bxf6 Bxf6 8. e5 Be7 9. O-O O-O 10. Nbd2 c5
11. c3 c4 12. Be4 Nc6 13. b4 a5 14. a3 axb4 15. axb4 Rxa1 16. Rxa1 f5 17. exf6 Bxf6 18. Nb1 d5 19. Bc2 Qe7 20. Na3 Ba6
21. Nxc4 bxc4 22. Rxa6 Qb7 23. Ra2 Qd7 24. Bb1 Na7 25. Qc2 g6 26. Qa4 Nb5 27. Qc2 Qf7 28. Qe2 Nxc3 29. Qd2 Nxa2 30. Bxa2 Qa7
0-1

[Event "Some Davids looking for Goliaths!!"]
[Site "SchemingMind.com"]
[Date "2012.02.14"]
[Round "-"]
[White "Majoanis"]
[Black "Olli Ylönen"]
[Result "1-0"]
[WhiteCountry "CAN"]
[BlackCountry "FIN"]
[WhiteElo "1777"]
[WhiteRD "54"]
[BlackElo "1819"]
[BlackRD "52"]
[GameID "303094"]

1. b3 e5 2. Bb2 Nc6 3. e3 d5 4. Bb5 Bd6 5. Nf3 Qe7 6. O-O Bd7 7. d4 e4 8. Nfd2 Nf6 9. f4 exf3 10. Qxf3 O-O-O
11. c4 dxc4 12. bxc4 Ng4 13. Bxc6 Qxe3+ 14. Qxe3 Nxe3 15. Bxd7+ Rxd7 16. Rc1 Re8 17. Re1 Kd8 18. Nc3 Bf4 19. Nf3 Nxc4 20. Rxe8+ Kxe8
21. Bc1 Bxc1 22. Rxc1 a6 23. Ne4 f5 24. Rxc4 fxe4 25. Ne5 b5 26. Nxd7 bxc4 27. Nc5 c3 28. Nb3 Ke7 29. Kf2 c5 30. dxc5 Ke6
31. Ke3 Kd5 32. c6 Kxc6 33. Kxe4 Kb5 34. Kd3 Kb4 35. Kc2 Ka3 36. Kxc3 Kxa2 37. h4 Ka3 38. h5 Ka4 39. Kc4
1-0

[Event "Some Davids looking for Goliaths!!"]
[Site "SchemingMind.com"]
[Date "2012.02.09"]
[Round "-"]
[White "Clive Everill"]
[Black "ray winteringham"]
[Result "1-0"]
[WhiteCountry "CZE"]
[BlackCountry "ENG"]
[WhiteElo "1753"]
[WhiteRD "55"]
[BlackElo "1308"]
[BlackRD "114"]
[GameID "303097"]

1. e4 e5 2. Nc3 Bb4 3. Bc4 Nf6 4. d3 d6 5. f4 Bg4 6. Nf3 Qe7 7. O-O Bxc3 8. bxc3 O-O 9. a4 Nbd7 10. Qe1 a6
11. Ba3 exf4 12. e5 Bxf3 13. exf6 Qxe1 14. Raxe1 Bc6 15. fxg7 Kxg7 16. Bb3 Rg8 17. Rxf4 Kf8 18. Rxf7#
1-0

[Event "Some Davids looking for Goliaths!!"]
[Site "SchemingMind.com"]
[Date "2012.02.13"]
[Round "-"]
[White "bull mccabe"]
[Black "Munny"]
[Result "1-0"]
[WhiteCountry "IRL"]
[BlackCountry "GER"]
[WhiteElo "1869"]
[WhiteRD "138"]
[BlackElo "2118"]
[BlackRD "82"]
[GameID "303350"]

1. e4 c5 2. Nc3 Nc6 3. Nf3 g6 4. d4 cxd4 5. Nxd4 Bg7 6. Be3 d6 7. Qd2 Nf6 8. f3 Bd7 9. O-O-O Rc8 10. g4 Ne5
11. Kb1 O-O 12. h4 Qa5 13. Be2 h5 14. gxh5 Nxh5 15. Nd5 Qd8 16. f4 Nc4 17. Bxc4 Rxc4 18. b3 Rc8 19. f5 Ng3 20. Rhe1 Nxe4
21. Qg2 Nc3+ 22. Nxc3 Rxc3 23. fxg6 Bc6 24. gxf7+ Rxf7 25. Nxc6 Rxc6 26. Bd4 Kf8 27. Bxg7+ Rxg7 28. Rf1+ Kg8 29. Qd5+ Kh8 30. Rf5 Qg8
31. Rh5+ Rh7 32. Rxh7+ Qxh7 33. Qd4+ Kg8 34. Qf2 Qf7 35. Qxa7 Qf5 36. Qg1+ Kh7 37. Qg2 Qg6 38. Qe2 e5 39. h5 Qe6 40. Rg1 e4
41. Qd2
1-0

[Event "Some Davids looking for Goliaths!!"]
[Site "SchemingMind.com"]
[Date "2012.02.13"]
[Round "-"]
[White "Munny"]
[Black "bull mccabe"]
[Result "1-0"]
[WhiteCountry "GER"]
[BlackCountry "IRL"]
[WhiteElo "2114"]
[WhiteRD "80"]
[BlackElo "1782"]
[BlackRD "139"]
[GameID "303357"]

1. e4 c5 2. Nf3 Nc6 3. d4 cxd4 4. Nxd4 e6 5. Nc3 Nf6 6. Bg5 d6 7. Qd2 a6 8. O-O-O Bd7 9. f4 b5 10. Bxf6 gxf6
11. Kb1 Qb6 12. Nxc6 Bxc6 13. f5 b4 14. Ne2 Bxe4 15. fxe6 fxe6 16. Nf4 b3 17. Bd3 bxa2+ 18. Kxa2 Bxd3 19. Qxd3 Rb8 20. b3 Kf7
21. Rhe1 Re8 22. Kb1 Qc5 23. Qxa6 e5 24. Qe2 Rc8 25. Qh5+ Ke7 26. Qf5 Ke8 27. Nd5 Be7 28. Re3 Kd8 29. Rc3
1-0

[Event "Some Davids looking for Goliaths!!"]
[Site "SchemingMind.com"]
[Date "2012.02.14"]
[Round "-"]
[White "spoke"]
[Black "Teagy"]
[Result "1-0"]
[WhiteCountry "GER"]
[BlackCountry "ENG"]
[WhiteElo "1793"]
[WhiteRD "77"]
[BlackElo "1810"]
[BlackRD "95"]
[GameID "303385"]

1. e4 Nf6 2. Nc3 d5 3. e5 Ne4 4. Nxe4 dxe4 5. Bc4 Bf5 6. Ne2 e6 7. O-O Nc6 8. Bb5 Qd5 9. Bxc6+ Qxc6 10. Nd4 Qd5
11. Nxf5 exf5 12. d4 Be7 13. b3 O-O-O 14. Bb2 f4 15. Qg4+ Kb8 16. Qxf4 g5 17. Qf5 h5 18. c4 Qd7 19. Qxe4 f5 20. Qe2 g4
21. e6 Qd6 22. d5 Rhg8 23. Be5 Qa6 24. Rfd1 f4 25. Bxf4
1-0

[Event "Some Davids looking for Goliaths!!"]
[Site "SchemingMind.com"]
[Date "2012.02.14"]
[Round "-"]
[White "jtrochez1"]
[Black "NYNH"]
[Result "0-1"]
[WhiteCountry "HON"]
[BlackCountry "USA"]
[WhiteElo "1656"]
[WhiteRD "48"]
[BlackElo "2066"]
[BlackRD "66"]
[GameID "303387"]

1. e4 e6 2. d4 d5 3. e5 c5 4. c3 Qb6 5. Nf3 Bd7 6. Be2 cxd4 7. Nxd4 Nc6 8. Nxc6 bxc6 9. O-O c5 10. b3 Ne7
11. a4 Ng6 12. a5 Qc7 13. f4 Be7 14. Bf3 Rb8 15. Bh5 O-O 16. Bxg6 hxg6 17. Be3 Bb5 18. Rf3 Rfd8 19. Na3 Ba6 20. Nc2 Bb7
21. Rh3 Ba8 22. Ne1 d4 23. cxd4 cxd4 24. Bf2 Bb4 25. Nf3 Bxf3 26. Rxf3 Bxa5 27. Bxd4 Rxd4 28. Qxd4 Bb6
0-1

[Event "Some Davids looking for Goliaths!!"]
[Site "SchemingMind.com"]
[Date "2012.02.14"]
[Round "-"]
[White "bodolsog"]
[Black "kenneth m day"]
[Result "0-1"]
[WhiteCountry "POL"]
[BlackCountry "USA"]
[WhiteElo "1312"]
[WhiteRD "91"]
[BlackElo "1859"]
[BlackRD "56"]
[GameID "303388"]

1. d4 Nf6 2. Nc3 d5 3. Bf4 e6 4. e3 c5 5. Bb5+ Bd7 6. Bxd7+ Nbxd7 7. Nf3 Qb6 8. Na4 Qb4+ 9. Nc3 Qxb2 10. Ne2 Qb4+
11. Qd2 Qb6 12. O-O Ne4 13. Qc1 Rc8 14. Rb1 Qa6 15. c4 cxd4 16. exd4 Rxc4 17. Qb2 b6 18. Nd2 Ra4 19. Nc3 Nxc3 20. Qxc3 Qb7
21. Rb2 Be7 22. Be5 O-O 23. Qg3 Nxe5 24. Qxe5 Bf6 25. Qe3 Bxd4 26. Qb3 Qa6 27. Rc2 Ra3 28. Qb4 Bc5 29. Qf4 Re8 30. Nb1 Rxa2
31. Rxa2 Qxa2 32. Qc7 f6 33. Nc3 Qa5 34. Rc1 d4 35. Qc6 Kf7 36. Ne4 Qa3 37. Qc7+ Re7 38. Qg3 Qxc1#
0-1

[Event "Some Davids looking for Goliaths!!"]
[Site "SchemingMind.com"]
[Date "2012.02.15"]
[Round "-"]
[White "Teagy"]
[Black "spoke"]
[Result "1-0"]
[WhiteCountry "ENG"]
[BlackCountry "GER"]
[WhiteElo "1832"]
[WhiteRD "86"]
[BlackElo "1837"]
[BlackRD "68"]
[GameID "303390"]

1. e4 e5 2. f4 d5 3. exd5 e4 4. d3 Nf6 5. dxe4 Nxe4 6. Nf3 Bc5 7. Qe2 Bf5 8. Nc3 Qe7 9. Be3 Bxe3 10. Qxe3 Nxc3
11. Qxe7+ Kxe7 12. bxc3 Bxc2 13. Kd2 Ba4 14. Re1+ Kf6 15. g4 g6 16. Bd3 Nd7 17. Re4 Nc5 18. g5+ Kg7 19. Re7 Nxd3 20. Kxd3 Rac8
21. Rhe1 Rhe8 22. c4 Rxe7 23. Rxe7 Kf8 24. Re1 c6 25. Kd4 cxd5 26. cxd5 b6 27. Re3 Re8 28. Ne5 Bc2 29. Nd7+
1-0

[Event "Some Davids looking for Goliaths!!"]
[Site "SchemingMind.com"]
[Date "2012.02.14"]
[Round "-"]
[White "NYNH"]
[Black "jtrochez1"]
[Result "1-0"]
[WhiteCountry "USA"]
[BlackCountry "HON"]
[WhiteElo "2066"]
[WhiteRD "66"]
[BlackElo "1656"]
[BlackRD "48"]
[GameID "303392"]

1. d4 d5 2. Nf3 Nc6 3. c4 e6 4. Nc3 Bb4 5. Bg5 Nge7 6. e3 O-O 7. Qc2 Qe8 8. a3 Bxc3+ 9. Qxc3 Ng6 10. Bd3 f6
11. Bf4 Nxf4 12. exf4 f5 13. O-O Qd8 14. Rfe1 Qf6 15. Ne5 Qh6 16. g3 Ne7 17. b4 c6 18. a4 Ng6 19. b5 Nxe5 20. Rxe5 Qf6
21. a5 Bd7 22. a6 b6 23. c5 Qd8 24. bxc6 Bc8 25. Bb5 Qc7 26. Re2 g6 27. Rc2 Qg7 28. cxb6 axb6 29. c7 Ra7 30. Ra4 Rf7
31. Qc6 Rfxc7 32. Qe8+ Qf8 33. Qxf8+ Kxf8 34. Rxc7 Rxc7 35. a7 Bb7 36. a8=Q+ Bxa8 37. Rxa8+ Kg7 38. Rb8 Re7 39. Rxb6 Kf6 40. Kg2 h5
41. Kf3 g5 42. fxg5+ Kxg5 43. h4+ Kf6 44. Kf4 Kg6 45. Be2 Kh6 46. Ke5
1-0

[Event "Some Davids looking for Goliaths!!"]
[Site "SchemingMind.com"]
[Date "2012.02.14"]
[Round "-"]
[White "kenneth m day"]
[Black "bodolsog"]
[Result "1-0"]
[WhiteCountry "USA"]
[BlackCountry "POL"]
[WhiteElo "1859"]
[WhiteRD "56"]
[BlackElo "1312"]
[BlackRD "91"]
[GameID "303393"]

1. e4 e5 2. Nf3 d5 3. exd5 e4 4. Nd4 Qxd5 5. c3 c5 6. Nb3 Nc6 7. Qe2 c4 8. Nd4 Nxd4 9. cxd4 Qxd4 10. Nc3 Nf6
11. Qxc4 Qxc4 12. Bxc4 Bd6 13. O-O O-O 14. Re1 Bf5 15. b3 Rfe8 16. Bb2 Bc5 17. Nb5 Re7 18. Rad1 Ng4 19. Re2 a6 20. Nc3 b5
21. Bd5 Rd8 22. Bxe4 Bxf2+ 23. Kf1 g6 24. h3 Bd4 25. Bxf5 Nh2+ 26. Ke1 Rxe2+ 27. Kxe2 gxf5 28. Rh1 Be5 29. Ba3 Re8 30. Kd1 Rd8
31. Ne2 a5 32. Bc5 Rd5 33. Be3 a4 34. Bf4 Bxf4 35. Nxf4 Rd4 36. Ne2 Re4 37. Rxh2 f4 38. Rh1 axb3 39. axb3 Rb4 40. Kc2 h5
41. Rf1 Re4 42. Nxf4 b4 43. Nxh5 Re2 44. g4 Re5 45. d4 Re2+ 46. Kd3
1-0

[Event "Some Davids looking for Goliaths!!"]
[Site "SchemingMind.com"]
[Date "2012.02.16"]
[Round "-"]
[White "fouche"]
[Black "cnile"]
[Result "1-0"]
[WhiteCountry "COL"]
[BlackCountry "SCO"]
[WhiteElo "1578"]
[WhiteRD "76"]
[BlackElo "1476"]
[BlackRD "60"]
[GameID "303509"]

1. e4 e6 2. d4 d5 3. Nc3 Nf6 4. Bg5 Bb4 5. exd5 Qxd5 6. Bxf6 gxf6 7. Nf3 Nc6 8. Be2 e5 9. dxe5 Bxc3+ 10. bxc3 Qxd1+
11. Rxd1 Nxe5 12. O-O O-O 13. Nxe5 fxe5 14. Bh5 Be6 15. f4 Rad8 16. f5 Bxa2 17. f6 Be6 18. Rd3 Bc4 19. Rxd8 Rxd8 20. Rf5 Rd1+
21. Kf2 Rd2+ 22. Ke3 Re2+ 23. Kf3 Rxc2 24. Rg5+ Kf8 25. Rg7 Rxc3+ 26. Ke4 Rc2 27. Rxh7 Ke8 28. Rxf7 Kd8 29. Rg7 Re2+ 30. Bxe2 Bxe2
31. Rxc7 Kxc7 32. f7 Bh5 33. f8=Q
1-0

[Event "Some Davids looking for Goliaths!!"]
[Site "SchemingMind.com"]
[Date "2012.02.19"]
[Round "-"]
[White "maro"]
[Black "pgmrdan"]
[Result "0-1"]
[WhiteCountry "MEX"]
[BlackCountry "USA"]
[WhiteElo "1368"]
[WhiteRD "59"]
[BlackElo "1548"]
[BlackRD "128"]
[GameID "303510"]

1. e4 e5 2. Nf3 Nc6 3. c3 Nf6 4. Qc2 Bc5 5. b4 Bd6 6. d3 O-O 7. Be2 Qe7 8. O-O Qe6 9. Ng5 Qe7 10. Be3 b6
11. Nd2 Ba6 12. Qa4 Bb7 13. b5 Nd8 14. c4 Ne6 15. Nxe6 Qxe6 16. h3 c6 17. Rab1 Rfe8 18. Qd1 Re7 19. a4 Ne8 20. Bg5 f6
21. Be3 Bc5 22. Bxc5 bxc5 23. Bg4 Qf7 24. Bh5 g6 25. Bg4 h5 26. Bf3 Qh7 27. g3 Rg7 28. h4 Nd6 29. Bg2 g5 30. hxg5 h4
31. gxh4 Qxh4 32. Nf3 Qh5 33. gxf6 Rg6 34. Qd2 Qg4 35. f7+ Nxf7
0-1

[Event "Some Davids looking for Goliaths!!"]
[Site "SchemingMind.com"]
[Date "2012.02.16"]
[Round "-"]
[White "mmccaffe"]
[Black "lennart"]
[Result "0-1"]
[WhiteCountry "USA"]
[BlackCountry "SWE"]
[WhiteElo "1665"]
[WhiteRD "66"]
[BlackElo "1557"]
[BlackRD "52"]
[GameID "303511"]

1. e4 e5 2. Nf3 Nc6 3. Bb5 a6 4. Ba4 b5 5. Bb3 h6 6. O-O Nf6 7. d3 Bc5 8. Nc3 O-O 9. h3 Rb8 10. a4 b4
11. Nd5 Ne8 12. Be3 Bxe3 13. fxe3 d6 14. Qe2 Na5 15. Nh2 Nxb3 16. cxb3 c6 17. Nf4 exf4 18. exf4 Qb6+ 19. Kh1 Bb7 20. f5 Nf6
21. g4 Rbe8 22. h4 c5 23. g5 hxg5 24. hxg5 Nxe4 25. Qh5 Ng3+
0-1

[Event "Some Davids looking for Goliaths!!"]
[Site "SchemingMind.com"]
[Date "2012.02.18"]
[Round "-"]
[White "Coretismo"]
[Black "flammablepawn"]
[Result "1-0"]
[WhiteCountry "ENG"]
[BlackCountry "USA"]
[WhiteElo "2039"]
[WhiteRD "89"]
[BlackElo "1909"]
[BlackRD "76"]
[GameID "303512"]

1. c4 e6 2. Nc3 Nf6 3. d4 d5 4. Nf3 c6 5. Bg5 Be7 6. e4 dxe4 7. Bxf6 Bxf6 8. Nxe4 Be7 9. c5 Nd7 10. Qd2 O-O
11. Bd3 Nf6 12. O-O Qd5 13. Qc2 Qh5 14. Ng3 Qd5 15. Rfe1 b6 16. Ne4 h6 17. Nxf6+ Bxf6 18. Be4 Qd8 19. b4 Bb7 20. b5 Rc8
21. Rac1 Qd7 22. Qa4 Rc7 23. cxb6
1-0

[Event "Some Davids looking for Goliaths!!"]
[Site "SchemingMind.com"]
[Date "2012.02.17"]
[Round "-"]
[White "cnile"]
[Black "fouche"]
[Result "0-1"]
[WhiteCountry "SCO"]
[BlackCountry "COL"]
[WhiteElo "1476"]
[WhiteRD "60"]
[BlackElo "1578"]
[BlackRD "76"]
[GameID "303517"]

1. e4 c6 2. c4 d5 3. exd5 cxd5 4. cxd5 Qxd5 5. Nc3 Qd8 6. d4 Nf6 7. Be2 e6 8. Nf3 Bb4 9. O-O O-O 10. Bg5 Nbd7
11. Ne4 Qa5 12. a3 Be7 13. b4 Qd8 14. Nxf6+ Nxf6 15. Bc4 a6 16. Re1 Bd7 17. d5 Nxd5 18. Bxe7 Nxe7 19. Ne5 Bc6 20. Qg4 Ng6
21. Nxc6 bxc6 22. h4 h6 23. Rad1 Qxh4 24. Qxh4 Nxh4 25. Rd6 Rfc8 26. Red1 a5 27. b5 cxb5 28. Bxb5 a4 29. Be2 Nf5 30. Bd3 Nxd6
31. Bb1 Rd8
0-1

[Event "Some Davids looking for Goliaths!!"]
[Site "SchemingMind.com"]
[Date "2012.02.18"]
[Round "-"]
[White "pgmrdan"]
[Black "maro"]
[Result "1-0"]
[WhiteCountry "USA"]
[BlackCountry "MEX"]
[WhiteElo "1548"]
[WhiteRD "128"]
[BlackElo "1368"]
[BlackRD "59"]
[GameID "303518"]

1. e4 e5 2. Nf3 Nc6 3. Bc4 Nh6 4. Qe2 Nd4 5. Nxd4 exd4 6. d3 g6 7. O-O Qe7 8. Bf4 d6 9. Nd2 Be6 10. Bb5+ c6
11. Ba4 b5 12. Bb3 Bxb3 13. Nxb3 Nf5 14. Qe1 Bg7 15. exf5 Qxe1 16. Rfxe1+ Kd7 17. Re2 Bf6 18. Rae1 a5 19. Nxd4 Bxd4 20. Re7+ Kd8
21. Rxf7 h5 22. Bg5+ Kc8 23. Bf6 Rg8 24. Bxd4
1-0

[Event "Some Davids looking for Goliaths!!"]
[Site "SchemingMind.com"]
[Date "2012.02.16"]
[Round "-"]
[White "lennart"]
[Black "mmccaffe"]
[Result "1-0"]
[WhiteCountry "SWE"]
[BlackCountry "USA"]
[WhiteElo "1557"]
[WhiteRD "52"]
[BlackElo "1665"]
[BlackRD "66"]
[GameID "303519"]

1. e4 c5 2. Nc3 g6 3. Nd5 Bg7 4. c3 e6 5. Nf4 Nc6 6. Nf3 Qc7 7. Nd3 Nf6 8. b4 c4 9. Nc5 d6 10. Na4 b5
11. Nb2 O-O 12. d3 cxd3 13. Bxd3 a6 14. O-O Bb7 15. c4 bxc4 16. Bxc4 Nxb4 17. a3 Nc6 18. Be3 Rfc8 19. Na4 Rab8 20. h3 Qe7
21. Ba2 Nxe4 22. Rb1 Ne5 23. Nd4 Nc4 24. Bc1 d5 25. f3 Ned6 26. Re1 Ba8 27. Qe2 Rxb1 28. Bxb1 Nb5 29. Nb3 Ncxa3 30. Bd3 Nc4
31. Kh1 Nd4 32. Nxd4 Qb4 33. Nxe6 Qxa4 34. Nxg7 Kxg7 35. Bxc4 Qxc4 36. Qe5+ Kg8 37. Bh6
1-0

[Event "Some Davids looking for Goliaths!!"]
[Site "SchemingMind.com"]
[Date "2012.02.18"]
[Round "-"]
[White "flammablepawn"]
[Black "Coretismo"]
[Result "1-0"]
[WhiteCountry "USA"]
[BlackCountry "ENG"]
[WhiteElo "1888"]
[WhiteRD "80"]
[BlackElo "2009"]
[BlackRD "91"]
[GameID "303520"]

1. b4 d5 2. Bb2 Nf6 3. Nf3 e6 4. b5 a6 5. a4 c6 6. e3 axb5 7. axb5 Rxa1 8. Bxa1 Nbd7 9. bxc6 bxc6 10. Be2 Bd6
11. O-O O-O 12. c4 Qc7 13. cxd5 cxd5 14. Nc3 Qb6 15. Qb1 Qxb1 16. Rxb1 Nc5 17. Nb5 Ba6 18. Nfd4 Bxb5 19. Nxb5 Bb8 20. Bd4 Nfd7
21. Ba1 Ne4 22. d3 Nd6 23. Nxd6 Bxd6 24. g3 Ra8 25. Bc3 h6 26. Ra1 Rc8 27. Be1 Be5= 28. d4 Bd6 29. Bb5 Nf6 30. Bd3 g6
31. h3 Kg7 32. Bd2 Ne4 33. Rc1 Rb8 34. Bxe4 dxe4 35. Kg2 Rb5 36. Rc6 Be7 37. Rc7 Kf8 38. Bc3 Bf6 39. Bd2 Bd8 40. Rc8 Ke7
41. Bc1 Kd7 42. Ra8 e5 43. dxe5 Rxe5 44. Bb2 Rb5 45. Bd4 Ra5 46. Rxd8+
1-0

[Event "Some Davids looking for Goliaths!!"]
[Site "SchemingMind.com"]
[Date "2012.02.17"]
[Round "-"]
[White "lontjr"]
[Black "cncbob"]
[Result "1-0"]
[WhiteCountry "USA"]
[BlackCountry "ENG"]
[WhiteElo "1461"]
[WhiteRD "120"]
[BlackElo "1502"]
[BlackRD "83"]
[GameID "303542"]

1. e4 e5 2. Nf3 Nc6 3. d4 exd4 4. Bc4 Bc5 5. c3 dxc3 6. Bxf7+ Kxf7 7. Qd5+ Kf8 8. Qxc5+ Qe7 9. Qxe7+ Ngxe7 10. Nxc3 Nb4
11. O-O d6 12. e5 d5 13. Bg5 Be6 14. a3 Na6 15. b4 c6 16. h3 Kf7 17. Nd4 Rhe8 18. g4 Nc7 19. f4 Kg8 20. f5 Bc8
21. h4 h6 22. Bf4 Rf8 23. e6 b6 24. Bxc7 Bb7 25. Bg3 a5 26. Bf2 Ba6 27. Rfc1 Rac8 28. Rc2 Bb7 29. bxa5 bxa5 30. a4 Rfd8
31. Be3 c5 32. Ndb5 d4 33. f6 dxe3 34. fxe7 Re8 35. Nd6
1-0

[Event "Some Davids looking for Goliaths!!"]
[Site "SchemingMind.com"]
[Date "2012.02.17"]
[Round "-"]
[White "cncbob"]
[Black "lontjr"]
[Result "1-0"]
[WhiteCountry "ENG"]
[BlackCountry "USA"]
[WhiteElo "1502"]
[WhiteRD "83"]
[BlackElo "1461"]
[BlackRD "120"]
[GameID "303545"]

1. e4 c5 2. c3 g6 3. Nf3 Bg7 4. d4 Qa5 5. Be3 cxd4 6. Nxd4 Bxd4 7. Bxd4 e5 8. Be3 Nf6 9. b4 Qc7 10. Bd3 O-O
11. O-O b6 12. f3 Nc6 13. Na3 d5 14. Nc2 Be6 15. Bh6 dxe4 16. fxe4 Rfd8 17. Qf3 Nh5 18. g3 Qe7 19. a3 Rd7 20. Rf2 Rad8
21. Rd1 Bc4 22. Rfd2 f6 23. Ne1 Bf7 24. Be3 g5 25. Qf1 Bg6 26. Qf3 Qe6 27. Rb1 Qh3 28. Rbd1 g4 29. Qf2 a5 30. Bf1
1-0

[Event "Some Davids looking for Goliaths!!"]
[Site "SchemingMind.com"]
[Date "2012.02.18"]
[Round "-"]
[White "The Capitalist"]
[Black "GreeneKing"]
[Result "0-1"]
[WhiteCountry "USA"]
[BlackCountry "SCO"]
[WhiteElo "1457"]
[WhiteRD "78"]
[BlackElo "1894"]
[BlackRD "119"]
[GameID "303686"]

1. e4 e5 2. Nf3 Nc6 3. Bb5 a6 4. Ba4 Nf6 5. O-O Bc5 6. c3 b5 7. Bb3 O-O 8. d4 exd4 9. cxd4 Be7 10. e5 Ne8
11. Nc3 d6 12. a3 Bg4 13. h3 Bh5 14. g4 Bg6 15. Bd5 Qd7 16. Nh4 Bxh4 17. Qf3 Nxd4 18. Qd1 c6 19. Be4 dxe5 20. Bxg6 fxg6
21. Be3 Nf3+ 22. Kg2 Qf7 23. Qe2 Nc7 24. Ne4 Qd5 25. Ng3 Nd4+
0-1

[Event "Some Davids looking for Goliaths!!"]
[Site "SchemingMind.com"]
[Date "2012.02.18"]
[Round "-"]
[White "GreeneKing"]
[Black "The Capitalist"]
[Result "1-0"]
[WhiteCountry "SCO"]
[BlackCountry "USA"]
[WhiteElo "1894"]
[WhiteRD "119"]
[BlackElo "1457"]
[BlackRD "78"]
[GameID "303691"]

1. e4 c6 2. d4 d5 3. Nc3 dxe4 4. Nxe4 Bf5 5. Ng3 Bg6 6. h4 h6 7. Nf3 Nd7 8. h5 Bh7 9. Bd3 Bxd3 10. Qxd3 e6
11. Bf4 Qa5+ 12. c3 Ngf6 13. b4 Qa3 14. Bc1 Qa4 15. O-O a5 16. Bd2 axb4 17. cxb4 Bxb4 18. Bxb4 Qxb4 19. Rfb1 Qd6 20. Qe2 b5
21. Nf5 Qf8 22. Ne5 g6 23. hxg6 fxg6 24. Nxg6 Qf7 25. Nd6+
1-0

[Event "Some Davids looking for Goliaths!!"]
[Site "SchemingMind.com"]
[Date "2012.03.20"]
[Round "-"]
[White "Greg Magne"]
[Black "reo"]
[Result "0-1"]
[WhiteCountry "CAN"]
[BlackCountry "THA"]
[WhiteElo "1701"]
[WhiteRD "93"]
[BlackElo "1798"]
[BlackRD "101"]
[GameID "305949"]

1. e4 c5 2. Nf3 d6 3. d4 Nf6 4. Nc3 cxd4 5. Nxd4 a6 6. Bg5 e6 7. f4 Nbd7 8. Qf3 Qc7 9. O-O-O Be7 10. g4 b5
11. Bxf6 Nxf6 12. g5 Nd7 13. f5 O-O 14. fxe6 Bxg5+ 15. Kb1 Ne5 16. Qg3 Bh6 17. Nf5 Ng6 18. Nd5 Qa7 19. e7 Re8 20. Nxd6 Rxe7
21. Nxe7+ Nxe7 22. Nxf7 Kxf7 23. Qf3+ Ke8 24. Qh5+ Ng6 25. Qd5 Bg4 26. Qc6+ Kf8 27. Rd3 Ne5 28. Qd6+ Qe7 29. Qxe7+ Kxe7 30. Rd5 Ke6
31. Bg2 Rf8 32. h3 Bh5 33. a4 Be2 34. Re1 Bc4 35. Rc5 bxa4 36. Rd1 a3
0-1

[Event "Some Davids looking for Goliaths!!"]
[Site "SchemingMind.com"]
[Date "2012.03.20"]
[Round "-"]
[White "reo"]
[Black "Greg Magne"]
[Result "1-0"]
[WhiteCountry "THA"]
[BlackCountry "CAN"]
[WhiteElo "1798"]
[WhiteRD "101"]
[BlackElo "1701"]
[BlackRD "93"]
[GameID "305951"]

1. d4 d5 2. c4 e6 3. Nc3 c6 4. e3 Nf6 5. Nf3 Nbd7 6. Bd3 dxc4 7. Bxc4 b5 8. Bd3 Bb7 9. O-O a6 10. e4 c5
11. d5 c4 12. Bc2 Qc7 13. dxe6 fxe6 14. Nd4 Nc5 15. Be3 e5 16. Nf5 g6 17. Nh6 Nfxe4 18. Nxe4 Nxe4 19. Qg4 Qd7 20. Bxe4 Bxe4
21. Qxe4 O-O-O 22. Qa8+ Kc7 23. Qa7+ Kc8 24. Qxa6+ Kb8 25. Rad1 Bd6 26. Bc5
1-0

[Event "Some Davids looking for Goliaths!!"]
[Site "SchemingMind.com"]
[Date "2012.03.28"]
[Round "-"]
[White "lontjr"]
[Black "NYNH"]
[Result "0-1"]
[WhiteCountry "USA"]
[BlackCountry "USA"]
[WhiteElo "1455"]
[WhiteRD "122"]
[BlackElo "2071"]
[BlackRD "72"]
[GameID "306593"]

1. e4 e6 2. d4 d5 3. Nc3 Nf6 4. Bg5 Be7 5. e5 Nfd7 6. Bxe7 Qxe7 7. f4 a6 8. Nf3 c5 9. dxc5 Nc6 10. Bd3 Qxc5
11. Qe2 b5 12. f5 b4 13. Na4 Qa5 14. b3 Nc5 15. O-O Nxa4 16. bxa4 exf5 17. a3 O-O 18. axb4 Nxb4 19. c3 Nxd3 20. Qxd3 Be6
0-1

[Event "Some Davids looking for Goliaths!!"]
[Site "SchemingMind.com"]
[Date "2012.03.28"]
[Round "-"]
[White "NYNH"]
[Black "lontjr"]
[Result "1-0"]
[WhiteCountry "USA"]
[BlackCountry "USA"]
[WhiteElo "2071"]
[WhiteRD "72"]
[BlackElo "1455"]
[BlackRD "122"]
[GameID "306595"]

1. d4 Nf6 2. c4 e6 3. g3 d5 4. Nf3 Be7 5. Bg2 c6 6. O-O O-O 7. Qc2 a5 8. Nbd2 Na6 9. a3 b5 10. Ne5 Qb6
11. c5 Qc7 12. e4 dxe4 13. Nxe4 Nxe4 14. Bxe4 Bb7 15. Bxh7+ Kh8 16. Be4 g6 17. Bh6 Rfd8 18. Nxf7+
1-0